000 00568nam a2200193 i 4500
001 68034
003 ES-MaACL
005 20231124062956.0
007 t|
008 040217s1913 sp |||| | spa d
080 _a821.134.2-4"18"
100 1 _aGanivet, Ángel,
_d1865-1898
_953864
245 1 0 _aCartas finlandesas /
_cde Angel Ganivet.
260 _aGranada :
_b[s.n.],
_c1913 (
_fEl Defensor de Granada)
300 _a222 p. ;
_c21 cm.
651 4 _aFinlandia-
_xUsos y costumbres.
_9151460
852 _aES-MaACL
_jT-1375-F-5
999 _c68034
_d68034